Landen zonder buurland - Statistieken

Algemene statistieken
  • Deze quiz is 60 keer genomen
  • De gemiddelde score is 32 van 39
Antwoordstatistieken
Antwoord % Correct
Australië
94%
Ijsland
94%
Japan
94%
Kaapverdië
94%
Madagaskar
90%
Nieuw Zeeland
90%
Saint Kitts en Nevis
90%
Saint Vincent en de Grenadines
90%
Seychellen
90%
Cyprus
88%
Malediven
88%
Malta
88%
Marshalleilanden
88%
Saint Lucia
88%
Sao Tomé en Principe
88%
Cuba
85%
Sri Lanka
85%
Bahamas
83%
Barbados
83%
Comoren
83%
Jamaica
83%
Palau
83%
Salomonseilanden
83%
Fiji
81%
Kiribati
81%
Tuvalu
81%
Nauru
79%
Vanuatu
79%
Dominica
77%
Mauritius
77%
Tonga
77%
Antigua en Barbuda
75%
Filipijnen
75%
Grenada
75%
Micronesië
75%
Samoa
75%
Taiwan
75%
Trinidad en Tobago
71%
Bahrein
48%
Geen overeenkomende quizzen gevonden
Scoreverdeling
Procent van Mensen met Elke Score
Percentiel versus Aantal Correcte Antwoorden
Uw Scoregeschiedenis
U heeft deze quiz nog niet genomen